Normal view
MARC view
Entry Topical Term
001 - CONTROL NUMBER
- control field: 17912
003 - CONTROL NUMBER IDENTIFIER
- control field: OSt
005 - DATE AND TIME OF LATEST TRANSACTION
- control field: 20240626095419.0
008 - FIXED-LENGTH DATA ELEMENTS
- fixed length control field: 240626|| aca||aabn | a|a d
040 ## - CATALOGING SOURCE
- Original cataloging agency: OSt
- Transcribing agency: OSt
150 ## - HEADING--TOPICAL TERM
- Topical term or geographic name entry element: Foreign workers
670 ## - SOURCE DATA FOUND
- Source citation: Work cat.: (OSt)8867: Anderson, Bridget, D. Phil. 17910, Doing the dirty work? :, 2000.
